00774nam a2200217Ia 4500003000900000008004100009040001600050080002200066245010300088260004600191300001100237650004100248650002400289650002500313650002800338700003400366700003600400942000700436999001500443952009800458IN-BaIIA211028s9999 xx 000 0 eng d cIIA Library a082.2:52bIAU-C26 0aReference Co-ordinate systems for Earth dynamicscedited by E. M. Gaposchkin and Barbara Kołaczek aWarsawbWarsaw Technical Universityc1974 aI478p. aAstronomy and astrophysics thesaurus aCelestial mechanics aEarth dynamics99977 aReference systems99978 aKolaczek, Barbara., ed.99979 aWeiffenbach, George., ed.99980 cBK c5761d5761 00104070aBANbBANcGENd1978-04-04l0o082.2:52/ IAU-C26p6442r2021-11-05w1978-04-04yBK